[Event "GER-chT U20"]
[Site "Naumburg Saale"]
[Date "2014.12.30"]
[Round "7.5"]
[White "Ngo, Minh Duc"]
[Black "Budszuhn, Timo"]
[Result "1-0"]
[WhiteElo "1960"]
[BlackElo "1940"]
[PlyCount "95"]
[EventDate "2014.12.27"]
[EventType "team-swiss"]
[EventRounds "7"]
[EventCountry "GER"]
[SourceTitle "EXT 2016"]
[Source "ChessBase"]
[SourceDate "2015.10.08"]
[SourceVersion "1"]
[SourceVersionDate "2015.10.08"]
[SourceQuality "1"]
[WhiteTeam "Wildeshausen"]
[BlackTeam "Bochum"]
[WhiteTeamCountry "GER"]
[BlackTeamCountry "GER"]

1. e4 e5 2. Nf3 Nc6 3. Bb5 a6 4. Ba4 Nf6 5. 0-0 Be7 6. Re1 b5 7. Bb3 d6 8. c3 0-0 9. h3 Na5 10. Bc2 c5 11. d4 Qc7 12. Nbd2 Re8 13. b3 Bf8 14. Nf1 g6 15. d5 Bg7 16. Be3 Bd7 17. Qd2 Nb7 18. Ng3 Kh8 19. Ng5 Rf8 20. Rac1 c4 21. b4 a5 22. a3 Ng8 23. f4 axb4 24. axb4 f6 25. Nf3 exf4 26. Bxf4 Nd8 27. Ra1 Nf7 28. Red1 Ne5 29. Nd4 Rfb8 30. Kh2 Qc8 31. Be3 Ne7 32. Nge2 Rxa1 33. Rxa1 Ra8 34. Rxa8 Qxa8 35. Nf4 Kg8 36. Nfe6 Bh8 37. Bh6 Nc8 38. Bd1 Qa3 39. Qe3 Nd3 40. Nf8 Be8 41. Bg4 f5 42. exf5 Be5+ 43. g3 Qxc3 44. Ne2 Qxb4 45. fxg6 Ne7 46. Be6+ Kh8 47. Qxe5+ dxe5 48. g7# 1-0

[Event "BL2-West 1314"]
[Site "Germany"]
[Date "2014.02.10"]
[Round "6.8"]
[White "Wegener, Olaf"]
[Black "Budszuhn, Timo"]
[Result "1-0"]
[WhiteElo "2428"]
[BlackElo "1990"]
[PlyCount "49"]
[EventDate "2013.10.13"]
[EventType "team-tourn"]
[EventRounds "9"]
[EventCountry "GER"]
[SourceTitle "EXT 2015"]
[Source "ChessBase"]
[SourceDate "2014.11.20"]
[SourceVersion "1"]
[SourceVersionDate "2014.11.20"]
[SourceQuality "1"]
[WhiteTeam "Dortmund Hansa"]
[BlackTeam "Bochum 31"]
[WhiteTeamCountry "GER"]
[BlackTeamCountry "GER"]

1. e4 e5 2. Nf3 Nc6 3. Bb5 a6 4. Ba4 Nf6 5. 0-0 Be7 6. Re1 b5 7. Bb3 d6 8. c3 0-0 9. h3 Na5 10. Bc2 c5 11. d4 Qc7 12. Nbd2 Nc6 13. d5 Nb8 14. a4 Bb7 15. b3 Nbd7 16. Qe2 bxa4 17. Rxa4 Nb6 18. Ra3 Nbxd5 19. exd5 Nxd5 20. c4 Nf4 21. Qd1 f5 22. Nf1 Ne6 23. Ne3 Nd4 24. Nxd4 cxd4 25. Nxf5 1-0

[Event "NRW Verbandsliga Group2 1314"]
[Site "Nordrheinwestfalen"]
[Date "2013.09.08"]
[Round "1"]
[White "Budszuhn, Timo"]
[Black "Hufelschulte, Norbert"]
[Result "0-1"]
[WhiteElo "1977"]
[BlackElo "2026"]
[PlyCount "156"]
[EventDate "2013.09.08"]
[EventType "team-tourn"]
[EventRounds "9"]
[EventCountry "GER"]
[SourceTitle "EXT 2020"]
[Source "ChessBase"]
[SourceDate "2019.10.17"]
[SourceVersion "1"]
[SourceVersionDate "2019.10.17"]
[SourceQuality "1"]
[WhiteTeam "Bochum SG III"]
[BlackTeam "Hamm SVg"]
[WhiteTeamCountry "GER"]
[BlackTeamCountry "GER"]

1. e4 c5 2. Nf3 d6 3. d4 cxd4 4. Nxd4 Nf6 5. Nc3 a6 6. Be3 e5 7. Nb3 Be6 8. f3 Nbd7 9. Qd2 Be7 10. g4 b5 11. 0-0-0 0-0 12. Kb1 Nb6 13. Qf2 Nfd7 14. h4 Qc7 15. g5 b4 16. Ne2 a5 17. Ng3 a4 18. Nc1 Rfc8 19. Nf5 Bf8 20. h5 b3 21. cxb3 axb3 22. Bd3 bxa2+ 23. Ka1 Na4 24. Rh2 Rab8 25. Qe1 Ndc5 26. Bxc5 Nxc5 27. Bc2 Qb6 28. Bd3 Na4 29. Qf2 Qb4 30. Ne3 Nc5 31. g6 h6 32. gxf7+ Bxf7 33. Nf5 Nxd3 34. Nxd3 Qb3 35. Qg1 Kh8 36. Rg2 Rc2 37. Rxc2 Qxc2 38. Ne3 Qb3 39. Rd2 Be7 40. Nc1 Qb6 41. Rg2 Bg5 42. Nf5 Qxg1 43. Rxg1 Rb6 44. Rh1 d5 45. Nd3 Bf6 46. Nc5 dxe4 47. Nd7 Rc6 48. Nxf6 Rxf6 49. fxe4 Be6 50. Ne7 Bf7 51. Nf5 Kh7 52. Rg1 g6 53. hxg6+ Bxg6 54. Kxa2 Bxf5 55. exf5 Rxf5 56. b4 e4 57. Ka3 e3 58. Ka4 Rg5 59. Re1 Re5 60. b5 Kg6 61. Ka5 Kf5 62. Ka6 Kf4 63. b6 Kf3 64. b7 Re6+ 65. Ka7 Re7 66. Ka8 Rxb7 67. Kxb7 e2 68. Rh1 Kg2 69. Rxh6 e1Q 70. Rg6+ Kf3 71. Rf6+ Kg4 72. Rg6+ Kf5 73. Rc6 Qa5 74. Kb8 Ke5 75. Kb7 Kd5 76. Rh6 Qb5+ 77. Rb6 Qd7+ 78. Ka6 Kc5 0-1

[Event "GER-chT U20"]
[Site "Osnabrueck"]
[Date "2012.12.29"]
[Round "5.5"]
[White "Budszuhn, Timo"]
[Black "Mann, Johannes"]
[Result "1-0"]
[WhiteElo "1924"]
[BlackElo "1837"]
[PlyCount "81"]
[EventDate "2012.12.27"]
[EventType "team-swiss"]
[EventRounds "7"]
[EventCountry "GER"]
[SourceTitle "EXT 2014"]
[Source "ChessBase"]
[SourceDate "2013.11.20"]
[SourceVersion "1"]
[SourceVersionDate "2013.11.20"]
[SourceQuality "1"]
[WhiteTeam "Bochum SG"]
[BlackTeam "Forchheim"]
[WhiteTeamCountry "GER"]
[BlackTeamCountry "GER"]

1. e4 c6 2. d4 d5 3. exd5 cxd5 4. Bd3 Nc6 5. c3 Qc7 6. h3 g6 7. Nf3 Bg7 8. 0-0 Nf6 9. Re1 0-0 10. Nbd2 Bf5 11. Nf1 Bxd3 12. Qxd3 Ne4 13. Ng5 Nf6 14. Ng3 a6 15. h4 b5 16. Nh3 b4 17. Bf4 Qb6 18. h5 Rfc8 19. Qd2 Ra7 20. Bh6 Ne8 21. Bxg7 Nxg7 22. Qh6 f6 23. hxg6 hxg6 24. Qxg6 Kf8 25. Nf5 Nxf5 26. Qxf5 Rd8 27. Nf4 Rd6 28. Qh5 Nd8 29. Ng6+ Kg7 30. Nxe7 Re6 31. Nf5+ Kg8 32. Qg6+ Kf8 33. Qh5 Kg8 34. Re2 Rxe2 35. Qxe2 bxc3 36. Re1 Nf7 37. Qh5 Ne5 38. dxe5 cxb2 39. Qg6+ Kf8 40. exf6 b1Q 41. Qe8# 1-0

[Event "GER-chT U20"]
[Site "Osnabrueck"]
[Date "2012.12.27"]
[Round "1.5"]
[White "Luzius, Jannik"]
[Black "Budszuhn, Timo"]
[Result "0-1"]
[WhiteElo "1519"]
[BlackElo "1924"]
[PlyCount "78"]
[EventDate "2012.12.27"]
[EventType "team-swiss"]
[EventRounds "7"]
[EventCountry "GER"]
[SourceTitle "EXT 2014"]
[Source "ChessBase"]
[SourceDate "2013.11.20"]
[SourceVersion "1"]
[SourceVersionDate "2013.11.20"]
[SourceQuality "1"]
[WhiteTeam "Heidesheim"]
[BlackTeam "Bochum SG"]
[WhiteTeamCountry "GER"]
[BlackTeamCountry "GER"]

1. Nf3 Nf6 2. c4 g6 3. Nc3 d5 4. cxd5 Nxd5 5. e4 Nxc3 6. dxc3 Qxd1+ 7. Kxd1 Bg7 8. h3 0-0 9. Bc4 h6 10. Bf4 c6 11. Kc2 b5 12. Bd3 Nd7 13. Rhe1 Nc5 14. Rad1 Be6 15. Kb1 Rfd8 16. Bc2 Bc4 17. Ne5 Bxe5 18. Bxe5 Nd3 19. Bxd3 Bxd3+ 20. Kc1 c5 21. Re3 c4 22. Bd4 a5 23. a3 b4 24. axb4 axb4 25. f4 Ra1+ 26. Kd2 Ra2 27. Kc1 b3 28. g4 Rda8 29. Bc5 Rxb2 30. Rexd3 Rc2+ 31. Kb1 cxd3 32. Rxd3 Rca2 33. Bxe7 Re2 34. e5 Kh7 35. c4 b2 36. Ba3 Rb8 37. Rd1 Re4 38. c5 Re3 39. Rd2 Re1+ 0-1

[Event "Ruhrgebiet Verbandsliga2 1213"]
[Site "Nordrheinwestfalen"]
[Date "2012.09.02"]
[Round "1.8"]
[White "Budszuhn, Timo"]
[Black "Hain, Christian"]
[Result "1/2-1/2"]
[WhiteElo "1924"]
[BlackElo "1810"]
[PlyCount "105"]
[EventDate "2012.09.02"]
[EventType "team-tourn"]
[EventRounds "9"]
[EventCountry "GER"]
[SourceTitle "EXT 2020"]
[Source "ChessBase"]
[SourceDate "2019.10.17"]
[SourceVersion "1"]
[SourceVersionDate "2019.10.17"]
[SourceQuality "1"]
[WhiteTeam "Bochum SG III"]
[BlackTeam "Brackel SF II"]
[WhiteTeamCountry "GER"]
[BlackTeamCountry "GER"]

1. e4 d6 2. d4 Nf6 3. Nc3 g6 4. Nf3 Bg7 5. Be2 0-0 6. h3 c5 7. Be3 cxd4 8. Nxd4 Nc6 9. Qd2 a6 10. f4 Nxd4 11. Bxd4 b5 12. Bf3 Rb8 13. e5 dxe5 14. Ba7 Qxd2+ 15. Kxd2 Rb7 16. Bxb7 Bxb7 17. fxe5 Nd7 18. e6 fxe6 19. Rae1 Ne5 20. Re2 Bh6+ 21. Ke1 Nc4 22. b3 Bg7 23. Nd1 Nd6 24. Rf1 Ra8 25. Bg1 Nf5 26. Bh2 Rc8 27. c3 Bf6 28. g4 Bh4+ 29. Kd2 Ng3 30. Bxg3 Bxg3 31. Kc2 e5 32. Kb2 Rd8 33. Rg1 Bf4 34. Rf1 Rd7 35. h4 h6 36. c4 bxc4 37. bxc4 Bc8 38. Ne3 Rd3 39. Nd5 Bxg4 40. Rg2 Rd2+ 41. Rxd2 Bxd2 42. Rg1 Bh5 43. c5 Kf7 44. Kc2 Ba5 45. Rg3 Ke6 46. Nb6 Bb4 47. Na4 Kd5 48. Rb3 Ba5 49. Rb7 Bg4 50. Rxe7 g5 51. hxg5 hxg5 52. Rg7 Bf5+ 53. Kb3 1/2-1/2

[Event "GER-ch U18"]
[Site "Oberhof"]
[Date "2012.06.01"]
[Round "8"]
[White "Zuferi, Enis"]
[Black "Budszuhn, Timo"]
[Result "1-0"]
[WhiteElo "2095"]
[BlackElo "1974"]
[PlyCount "65"]
[EventDate "2012.05.27"]
[EventType "swiss"]
[EventRounds "9"]
[EventCountry "GER"]
[SourceTitle "CBM 148 Extra"]
[Source "ChessBase"]
[SourceDate "2012.06.22"]
[SourceVersion "1"]
[SourceVersionDate "2012.06.22"]
[SourceQuality "1"]

1. d4 Nf6 2. c4 g6 3. Nc3 d5 4. Nf3 Bg7 5. Qb3 c6 6. cxd5 Nxd5 7. e4 Nxc3 8. bxc3 0-0 9. Be3 Qc7 10. Bc4 b5 11. Be2 Nd7 12. 0-0 Nb6 13. Rfd1 Be6 14. Qc2 Bc4 15. Rac1 Rfd8 16. Bg5 Re8 17. Bxc4 Nxc4 18. Nd2 f6 19. Bh4 Bh6 20. Bg3 Qc8 21. f4 Nxd2 22. Rxd2 e5 23. Rf1 Qe6 24. Re2 Rad8 25. fxe5 fxe5 26. Bxe5 c5 27. Rf6 Qc4 28. Rc6 Rf8 29. h3 cxd4 30. Rxc4 d3 31. Qb3 bxc4 32. Qxc4+ Rf7 33. Rf2 1-0

[Event "GER-chT U20"]
[Site "Osnabrueck"]
[Date "2011.12.28"]
[Round "4.6"]
[White "Budszuhn, Timo"]
[Black "Groetzbach, Julian"]
[Result "0-1"]
[WhiteElo "1914"]
[BlackElo "1991"]
[PlyCount "62"]
[EventDate "2011.12.27"]
[EventType "team-swiss"]
[EventRounds "7"]
[EventCountry "GER"]
[SourceTitle "CBM 146 Extra"]
[Source "ChessBase"]
[SourceDate "2012.02.29"]
[SourceVersion "1"]
[SourceVersionDate "2012.02.29"]
[SourceQuality "1"]
[WhiteTeam "Bochum 31"]
[BlackTeam "Hamburger SK"]
[WhiteTeamCountry "GER"]
[BlackTeamCountry "GER"]

1. e4 c5 2. Nf3 d6 3. d4 cxd4 4. Nxd4 Nf6 5. Nc3 a6 6. Be2 e5 7. Nb3 Be7 8. 0-0 Be6 9. Be3 Nbd7 10. f4 Qc7 11. Nd2 d5 12. exd5 Nxd5 13. Nxd5 Bxd5 14. Bf3 Bxf3 15. Qxf3 0-0 16. c3 Bc5 17. Bxc5 Qxc5+ 18. Kh1 b5 19. Ne4 Qe7 20. fxe5 Nxe5 21. Qg3 Rad8 22. Rae1 f6 23. h3 Kh8 24. Qf2 Nd3 25. Qh4 Nxe1 26. Rxe1 Rfe8 27. Re2 Rd1+ 28. Kh2 Qc7+ 29. Qg3 Qxg3+ 30. Nxg3 Rxe2 31. Nxe2 Rd8 0-1

[Event "Cologne Longerich op 8th"]
[Site "Cologne"]
[Date "2011.08.14"]
[Round "5"]
[White "Freundlieb, Thomas"]
[Black "Budszuhn, Timo"]
[Result "1/2-1/2"]
[WhiteElo "2016"]
[BlackElo "1886"]
[PlyCount "66"]
[EventDate "2011.08.12"]
[EventType "swiss"]
[EventRounds "5"]
[EventCountry "GER"]
[SourceTitle "EXT 2017"]
[Source "ChessBase"]
[SourceDate "2016.10.25"]
[SourceVersion "1"]
[SourceVersionDate "2016.10.25"]
[SourceQuality "1"]

1. d4 Nf6 2. Nf3 g6 3. Bg5 Bg7 4. Nbd2 d5 5. e3 Bf5 6. c3 Nbd7 7. b4 a5 8. a4 Nb6 9. b5 c5 10. dxc5 Nbd7 11. c6 bxc6 12. bxc6 Nc5 13. Bb5 0-0 14. Bxf6 Bxf6 15. Nd4 Rc8 16. N2b3 Qb6 17. Nxc5 Qxc5 18. Rc1 Rfd8 19. 0-0 e5 20. Nb3 Qb6 21. Qd2 Rxc6 22. Bxc6 Qxc6 23. Nxa5 Qb6 24. c4 Ra8 25. Qxd5 Rxa5 26. c5 Qa7 27. Qd6 Be7 28. Qxe5 Bxc5 29. Qe8+ Kg7 30. Rfd1 Be7 31. Rd4 Bf6 32. Rdc4 Bd7 33. Re4 Rxa4 1/2-1/2

[Event "GER-chT U20"]
[Site "Osnabrueck"]
[Date "2010.12.28"]
[Round "3.6"]
[White "Justi, Fabian"]
[Black "Budszuhn, Timo"]
[Result "0-1"]
[WhiteElo "1800"]
[BlackElo "1756"]
[PlyCount "72"]
[EventDate "2010.12.27"]
[EventType "team-swiss"]
[EventRounds "7"]
[EventCountry "GER"]
[SourceTitle "CBM 140 Extra"]
[Source "ChessBase"]
[SourceDate "2011.03.01"]
[SourceVersion "1"]
[SourceVersionDate "2011.03.01"]
[SourceQuality "1"]
[WhiteTeam "Forchheim"]
[BlackTeam "Bochum"]
[WhiteTeamCountry "GER"]
[BlackTeamCountry "GER"]

1. e4 e5 2. f4 exf4 3. Bc4 Qh4+ 4. Kf1 Nc6 5. Nf3 Qf6 6. d4 d6 7. Nc3 Nge7 8. Nb5 Kd8 9. e5 Qh6 10. exd6 cxd6 11. d5 Ne5 12. Nxe5 dxe5 13. Qe1 Nf5 14. Qxe5 Ng3+ 15. hxg3 Qxh1+ 16. Kf2 Bc5+ 17. Kf3 Bg4+ 18. Kxg4 f5+ 19. Qxf5 Qd1+ 20. Kh3 Qh1+ 21. Kg4 Qd1+ 22. Kh3 g5 23. Qf6+ Be7 24. Qf7 Qh1+ 25. Kg4 h5+ 26. Kf3 Qd1+ 27. Ke4 Qxc2+ 28. Kd4 Rc8 29. d6 Rxc4+ 30. Qxc4 Bf6+ 31. Kc5 b6+ 32. Kd5 Qf5+ 33. Kc6 Qd7+ 34. Kd5 Qf7+ 35. Kc6 Qxc4+ 36. Kb7 Qxb5 0-1

[Event "GER-chT U20"]
[Site "Osnabrueck"]
[Date "2010.12.27"]
[Round "1.6"]
[White "Budszuhn, Timo"]
[Black "Felczer, David"]
[Result "1-0"]
[WhiteElo "1756"]
[BlackElo "1504"]
[PlyCount "51"]
[EventDate "2010.12.27"]
[EventType "team-swiss"]
[EventRounds "7"]
[EventCountry "GER"]
[SourceTitle "CBM 140 Extra"]
[Source "ChessBase"]
[SourceDate "2011.03.01"]
[SourceVersion "1"]
[SourceVersionDate "2011.03.01"]
[SourceQuality "1"]
[WhiteTeam "Bochum"]
[BlackTeam "Gruendau"]
[WhiteTeamCountry "GER"]
[BlackTeamCountry "GER"]

1. e4 c5 2. Nf3 e6 3. d4 cxd4 4. Nxd4 Nf6 5. Bd3 Bb4+ 6. c3 Be7 7. 0-0 Nc6 8. Be3 Ne5 9. Bc2 d5 10. Nb5 Nc4 11. Bf4 0-0 12. b3 Nb6 13. Nc7 Rb8 14. Nxd5 Ra8 15. Nxe7+ Qxe7 16. Bd6 Qd8 17. Bxf8 Qxf8 18. e5 Nfd5 19. Qd3 g6 20. Nd2 Bd7 21. Ne4 Rd8 22. c4 Nf4 23. Nf6+ Kh8 24. Qf3 Qh6 25. Ng4 Qg5 26. h4 1-0

[Event "GER-chT U20"]
[Site "Osnabrueck"]
[Date "2010.12.27"]
[Round "2.6"]
[White "Heistermann, Till"]
[Black "Budszuhn, Timo"]
[Result "0-1"]
[WhiteElo "1909"]
[BlackElo "1756"]
[PlyCount "62"]
[EventDate "2010.12.27"]
[EventType "team-swiss"]
[EventRounds "7"]
[EventCountry "GER"]
[SourceTitle "CBM 140 Extra"]
[Source "ChessBase"]
[SourceDate "2011.03.01"]
[SourceVersion "1"]
[SourceVersionDate "2011.03.01"]
[SourceQuality "1"]
[WhiteTeam "Leipzig Gohlis"]
[BlackTeam "Bochum"]
[WhiteTeamCountry "GER"]
[BlackTeamCountry "GER"]

1. d4 Nf6 2. Nf3 d5 3. c4 c6 4. g3 Bf5 5. Bg2 e6 6. 0-0 Qb6 7. Nc3 Nbd7 8. c5 Qd8 9. b4 Ne4 10. Nxe4 Bxe4 11. Qb3 Be7 12. Bb2 Bf6 13. Ne5 Bxg2 14. Kxg2 Bxe5 15. dxe5 f6 16. exf6 Nxf6 17. f3 Qc7 18. Qe3 Qd7 19. Rad1 0-0 20. Qc3 Rfe8 21. e4 Qf7 22. Rde1 Rad8 23. exd5 exd5 24. Rxe8+ Nxe8 25. Qd4 Nc7 26. Re1 Nb5 27. Qh4 Rf8 28. f4 d4 29. a4 Qa2 30. Re2 Nc3 31. Rf2 Nd1 0-1

[Event "Dortmund Sparkassen op-A"]
[Site "Dortmund"]
[Date "2010.07.23"]
[Round "7"]
[White "Budszuhn, Timo"]
[Black "Kubo, Thomas"]
[Result "1/2-1/2"]
[WhiteElo "2009"]
[BlackElo "1992"]
[PlyCount "101"]
[EventDate "2010.07.17"]
[EventType "swiss"]
[EventRounds "9"]
[EventCountry "GER"]
[SourceTitle "CBM 137 Extra"]
[Source "ChessBase"]
[SourceDate "2010.09.01"]
[SourceVersion "1"]
[SourceVersionDate "2010.09.01"]
[SourceQuality "1"]

1. e4 c6 2. d4 d5 3. exd5 cxd5 4. Bd3 Nc6 5. c3 Qc7 6. Ne2 Bg4 7. f3 Bd7 8. Bf4 e5 9. dxe5 Nxe5 10. 0-0 Bd6 11. Bc2 Ne7 12. Bb3 0-0 13. Nd4 Rfe8 14. Nd2 Rac8 15. Bg3 b5 16. Bc2 N7g6 17. N2b3 Nc4 18. Bxd6 Qxd6 19. Bxg6 hxg6 20. Qc1 b4 21. Re1 Rxe1+ 22. Qxe1 Nxb2 23. cxb4 Nd3 24. Qe2 Nxb4 25. Re1 Re8 26. Qd2 Rxe1+ 27. Qxe1 Ba4 28. Qd2 Bxb3 29. axb3 Nc6 30. Nxc6 Qxc6 31. Qd3 Qc5+ 32. Kf1 a5 33. g3 Kf8 34. Kg2 d4 35. Qe4 g5 36. Qa8+ Ke7 37. Qb7+ Kf6 38. Qa6+ Ke5 39. Qb7 Qc2+ 40. Kh3 d3 41. Qe4+ Kf6 42. f4 gxf4 43. Qxf4+ Ke6 44. Qe4+ Kd6 45. Qd4+ Kc6 46. Qa4+ Kb6 47. Qd4+ Kb5 48. Qa4+ Ka6 49. Qa3 d2 50. Qd6+ Kb5 51. Qb8+ 1/2-1/2

[Event "Dortmund Sparkassen op-A"]
[Site "Dortmund"]
[Date "2010.07.22"]
[Round "6"]
[White "Carmesin, Matthias"]
[Black "Budszuhn, Timo"]
[Result "0-1"]
[WhiteElo "1859"]
[BlackElo "2009"]
[PlyCount "78"]
[EventDate "2010.07.17"]
[EventType "swiss"]
[EventRounds "9"]
[EventCountry "GER"]
[SourceTitle "CBM 137 Extra"]
[Source "ChessBase"]
[SourceDate "2010.09.01"]
[SourceVersion "1"]
[SourceVersionDate "2010.09.01"]
[SourceQuality "1"]

1. e4 e5 2. Nf3 Nc6 3. Bb5 Nf6 4. Qe2 a6 5. Ba4 b5 6. Bb3 Bc5 7. 0-0 0-0 8. c3 d6 9. Rd1 Bg4 10. d3 h6 11. Nbd2 Bb6 12. Nf1 Qe7 13. h3 Be6 14. Bxe6 fxe6 15. Be3 Bxe3 16. Qxe3 Nh5 17. g3 Qf7 18. N1h2 Nf6 19. Kg2 Na5 20. b4 Nc6 21. a4 Qe7 22. Ra3 d5 23. Rda1 Rad8 24. axb5 axb5 25. Qe1 Nd7 26. Ra6 Nb6 27. Ng4 Qd6 28. R1a5 h5 29. Ne3 dxe4 30. dxe4 Qd3 31. Ra2 Qxe4 32. Qe2 Rd3 33. R6a3 g5 34. g4 hxg4 35. hxg4 Rxe3 36. fxe3 Qxg4+ 37. Kf2 e4 38. Ke1 Rxf3 39. Kd2 Nc4+ 0-1

[Event "GER-chT U16"]
[Site "Verden an der Aller"]
[Date "2009.12.27"]
[Round "1.2"]
[White "Zuferi, Enis"]
[Black "Budszuhn, Timo"]
[Result "1-0"]
[WhiteElo "1846"]
[BlackElo "1717"]
[PlyCount "29"]
[EventDate "2009.12.27"]
[EventType "team-swiss"]
[EventRounds "7"]
[EventCountry "GER"]
[SourceTitle "EXT 2022"]
[Source "ChessBase"]
[SourceDate "2021.10.06"]
[SourceVersion "1"]
[SourceVersionDate "2021.10.06"]
[SourceQuality "1"]
[WhiteTeam "Heilbronn U16"]
[BlackTeam "Bochum SG 31 U16"]
[WhiteTeamCountry "GER"]
[BlackTeamCountry "GER"]

1. d4 Nf6 2. c4 g6 3. Nc3 d5 4. Nf3 Bg7 5. Qb3 c6 6. cxd5 cxd5 7. Bg5 e6 8. Qa3 h6 9. Bf4 Bf8 10. Qa4+ Bd7 11. Qb3 Bc6 12. e3 a6 13. Ne5 Qe7 14. Bd3 Nfd7 15. Nxc6 1-0

[Event "Dortmund op-B"]
[Site "Dortmund"]
[Date "2009.07.10"]
[Round "7"]
[White "Eckert, Marius"]
[Black "Budszuhn, Timo"]
[Result "1-0"]
[WhiteElo "1773"]
[BlackElo "1658"]
[PlyCount "65"]
[EventDate "2009.07.04"]
[EventType "swiss"]
[EventRounds "9"]
[EventCountry "GER"]
[SourceTitle "EXT 2012"]
[Source "ChessBase"]
[SourceDate "2011.11.24"]
[SourceVersion "1"]
[SourceVersionDate "2011.11.24"]
[SourceQuality "1"]

1. e4 e5 2. Nf3 Nc6 3. Bc4 Bc5 4. c3 Nf6 5. d4 exd4 6. cxd4 Bb4+ 7. Bd2 Bxd2+ 8. Nbxd2 d5 9. exd5 Nxd5 10. Qb3 Nce7 11. 0-0 0-0 12. Rfe1 c5 13. Rac1 Qb6 14. Qa3 Be6 15. Bxd5 Nxd5 16. Nc4 Qc7 17. Nce5 a6 18. Ng5 Bf5 19. Qf3 Qc8 20. Ne4 Bxe4 21. Rxe4 f6 22. Nc4 Qd7 23. Rce1 Rae8 24. Nd6 Rxe4 25. Nxe4 Nc7 26. Qb3+ Nd5 27. Nxc5 Qf5 28. Qxb7 Nf4 29. Qxa6 Ne2+ 30. Kh1 Nxd4 31. Qc4+ Kh8 32. h3 Qf4 33. Nd3 1-0

[Event "Dortmund op-B"]
[Site "Dortmund"]
[Date "2009.07.07"]
[Round "4"]
[White "Budszuhn, Timo"]
[Black "Truemper, Michael"]
[Result "1-0"]
[WhiteElo "1658"]
[BlackElo "1153"]
[PlyCount "55"]
[EventDate "2009.07.04"]
[EventType "swiss"]
[EventRounds "9"]
[EventCountry "GER"]
[SourceTitle "EXT 2012"]
[Source "ChessBase"]
[SourceDate "2011.11.24"]
[SourceVersion "1"]
[SourceVersionDate "2011.11.24"]
[SourceQuality "1"]

1. e4 d5 2. exd5 Qxd5 3. Nc3 Qa5 4. d4 Nf6 5. Bd2 c6 6. Bc4 Bf5 7. Nf3 Nbd7 8. 0-0 e6 9. Re1 Bb4 10. Bb3 0-0 11. a3 Bxc3 12. Bxc3 Qc7 13. Bb4 Rfd8 14. c4 c5 15. Bc3 cxd4 16. Nxd4 Nc5 17. Bc2 Nce4 18. Qf3 Nxc3 19. Nxf5 Qxc4 20. Ne3 Qc6 21. bxc3 Qxc3 22. Rac1 Qa5 23. Qxb7 Rab8 24. Qf3 Rbc8 25. Ng4 Rc3 26. Bxh7+ Kxh7 27. Nxf6+ gxf6 28. Qxc3 1-0

[Event "GER-chT U16"]
[Site "Bingen"]
[Date "2008.12.27"]
[Round "2.4"]
[White "Wilhelm, Kevin"]
[Black "Budszuhn, Timo"]
[Result "0-1"]
[WhiteElo "1303"]
[BlackElo "1470"]
[PlyCount "34"]
[EventDate "2008.12.27"]
[EventType "team-swiss"]
[EventRounds "7"]
[EventCountry "GER"]
[SourceTitle "EXT 2010"]
[Source "ChessBase"]
[SourceDate "2010.11.25"]
[SourceVersion "1"]
[SourceVersionDate "2010.11.25"]
[SourceQuality "1"]
[WhiteTeam "Heusweiler SC Reti U16"]
[BlackTeam "Bochum SG 31 U16"]
[WhiteTeamCountry "GER"]
[BlackTeamCountry "GER"]

1. e4 e5 2. Nf3 Nc6 3. Bc4 Bc5 4. d3 Nf6 5. Nc3 h6 6. 0-0 d6 7. h3 0-0 8. Be3 Bb6 9. Qd2 Bd7 10. Bxh6 gxh6 11. Qxh6 Nh7 12. Qg6+ Kh8 13. Qh5 Qf6 14. h4 Qg6 15. Bxf7 Qxf7 16. Qh6 Qg7 17. Qd2 Rxf3 0-1